000 00272nam a2200109 a 4500
005 20140414132008.0
008 110223s19uu xx 00 eng d
050 _aVCD
_bB76a
245 _aBrilliant baby : Learn about head to toe.
650 _aBody parts
999 _c113200
_d113200